| 000 | 00905cam a22002652 4500 | ||
|---|---|---|---|
| 001 | 34783 | ||
| 003 | BD-RjUL | ||
| 005 | 20211209052218.0 | ||
| 008 | 140519t1957 enka 001 0 eng d | ||
| 035 | _a(BD-RjUL)34877 | ||
| 040 |
_aDLC _cCarP _dDLC _dBD-RjUL _beng |
||
| 041 | _aeng | ||
| 082 | 0 | 4 |
_a361.0995 _bBEG 1957 |
| 100 | 1 |
_aBelshaw, Cyril S. [from old catalog] _9105865 |
|
| 245 | 1 | 4 |
_aThe great village : _bthe economic and social welfare of Hanuabada, an urban community in Papua / _cForeword by Raymond Firth. |
| 260 |
_aLondon,: _bRoutledge & K. Paul, _c1957 |
||
| 300 |
_axviii, 302 p. : _billus. ; _c22 cm. |
||
| 504 | _aincludes index. | ||
| 650 | 0 |
_aHanuabada. [from old catalog] _9105866 |
|
| 651 | 0 |
_aPapua New Guinea _xEconomic conditions. _98486 |
|
| 651 | 0 |
_aPapua New Guinea _xSocial conditions. _9105867 |
|
| 942 |
_2ddc _cBK |
||
| 999 |
_c34783 _d34783 |
||